World Countries - Blind Typing - Statistics

General Stats
  • This quiz has been taken 109,448 times
    103,755 since last reset
  • The average score is 159 of 196
Answer Stats
Country % Correct
United States
95%
Canada
93%
Mexico
90%
United Kingdom
90%
France
89%
Russia
89%
Brazil
88%
China
88%
Spain
88%
Argentina
87%
Australia
87%
Chile
87%
Finland
87%
Germany
87%
Norway
87%
Portugal
87%
Sweden
87%
Colombia
86%
India
86%
Ireland
86%
Japan
86%
North Korea
86%
South Korea
86%
Denmark
85%
Egypt
85%
Iceland
85%
Iran
85%
Italy
85%
New Zealand
85%
Panama
85%
Paraguay
85%
Peru
85%
Poland
85%
Uruguay
85%
Afghanistan
84%
Austria
84%
Belgium
84%
Cuba
84%
Democratic Republic of the Congo
84%
Dominican Republic
84%
Estonia
84%
Greece
84%
Haiti
84%
Indonesia
84%
Iraq
84%
Latvia
84%
Lithuania
84%
Netherlands
84%
Niger
84%
Oman
84%
Pakistan
84%
South Africa
84%
Ukraine
84%
Vatican City
84%
Venezuela
84%
Yemen
84%
Algeria
83%
Andorra
83%
Bolivia
83%
Ecuador
83%
Honduras
83%
Hungary
83%
Israel
83%
Jamaica
83%
Kazakhstan
83%
Luxembourg
83%
Morocco
83%
Romania
83%
Saudi Arabia
83%
Slovakia
83%
Slovenia
83%
Switzerland
83%
Thailand
83%
Turkey
83%
Vietnam
83%
Belarus
82%
Costa Rica
82%
Croatia
82%
Czech Republic
82%
Dominica
82%
El Salvador
82%
Guatemala
82%
Guyana
82%
Laos
82%
Libya
82%
Liechtenstein
82%
Mongolia
82%
Nigeria
82%
Qatar
82%
Republic of the Congo
82%
Sudan
82%
Suriname
82%
Turkmenistan
82%
Albania
81%
Bahamas
81%
Belize
81%
Bulgaria
81%
Cambodia
81%
Chad
81%
Kenya
81%
Malaysia
81%
Monaco
81%
Nepal
81%
Nicaragua
81%
San Marino
81%
Serbia
81%
South Sudan
81%
Syria
81%
United Arab Emirates
81%
Uzbekistan
81%
Zimbabwe
81%
Armenia
80%
Azerbaijan
80%
Bosnia and Herzegovina
80%
Ethiopia
80%
Fiji
80%
Georgia
80%
Ghana
80%
Guinea
80%
Jordan
80%
Kosovo
80%
Kyrgyzstan
80%
Lebanon
80%
Malta
80%
North Macedonia
80%
Singapore
80%
Somalia
80%
Tajikistan
80%
Zambia
80%
Angola
79%
Barbados
79%
Bhutan
79%
Burma
79%
Cyprus
79%
Lesotho
79%
Madagascar
79%
Mali
79%
Montenegro
79%
Papua New Guinea
79%
Philippines
79%
Rwanda
79%
Saint Kitts and Nevis
79%
Saint Lucia
79%
Taiwan
79%
Togo
79%
Tunisia
79%
Bahrain
78%
Bangladesh
78%
Central African Republic
78%
Djibouti
78%
Eritrea
78%
Eswatini
78%
Kuwait
78%
Moldova
78%
Namibia
78%
Senegal
78%
Sri Lanka
78%
Tanzania
78%
Trinidad and Tobago
78%
Uganda
78%
Benin
77%
Gambia
77%
Ivory Coast
77%
Marshall Islands
77%
Mauritania
77%
Mozambique
77%
Saint Vincent and the Grenadines
77%
Seychelles
77%
Antigua and Barbuda
76%
Botswana
76%
Brunei
76%
Cameroon
76%
East Timor
76%
Equatorial Guinea
76%
Federated States of Micronesia
76%
Guinea-Bissau
76%
Liberia
76%
Maldives
76%
Mauritius
76%
Samoa
76%
Solomon Islands
76%
Tonga
76%
Tuvalu
76%
Burundi
75%
Cape Verde
75%
Grenada
75%
Palau
75%
Vanuatu
75%
Comoros
74%
Gabon
74%
Kiribati
74%
Nauru
74%
Sierra Leone
74%
Burkina Faso
73%
Malawi
73%
Sao Tome and Principe
73%
No matching quizzes found
Score Distribution
Percent of People with Each Score
Percentile by Number Answered
Your Score History
You have not taken this quiz since the last reset